000 00403nam a2200145Ia 4500
005 20250116060935.0
008 240331s9999 xx 000 0 und d
082 _bDEF
_a929.92
100 _aDe Fonseka, L
245 4 _aThe karave flag
260 _aSri Lanka
_bLionel De Fonseka
_c1971
300 _a17 p .,
500 _aThe Karave Flag is a document well worthy of antiquarian attention.
942 _cL
999 _c3438
_d3438